| 000 | 01381cam a2200277 4500 | ||
|---|---|---|---|
| 001 | ##L130770 | ||
| 002 | ##8834 | ||
| 008 | 050825n2005 000 0 eng u | ||
| 020 | _a0418825009 | ||
| 035 | _a(Sirsi) u130770 | ||
| 041 | 0 | _aeng | |
| 050 | 0 | 4 | _a692.8 $2 18 |
| 110 | 2 |
_aJoint Contracts Tribunal _93664 |
|
| 240 | 0 | 0 | _aSCWa/P and T 05 |
| 245 | 0 | 0 |
_aSCWa/P and T _bSub-Contractor Collateral Warranty for a Purchaser of Tenant 2005 |
| 260 |
_aLondon _bSweet and Maxwell _c2005 |
||
| 300 |
_aii, 16p. _c30cm. |
||
| 350 | _a18.95 | ||
| 490 | _aJCT Subcontractor Collateral Warranty for a Purchaser or Tenant (2005 Edition) | ||
| 520 | _aMay be given by a subcontract to a purchaser or tenant where the main works have been carried out under the JCT Standard Building Contract (2005 Edition), the JCT Intermediate Building Contract (2005 Edition), the JCT Intermediate Building Contract with Contractor's Design (2005 Edition) or the JCT Design and Build Contract (2005 Edition). | ||
| 520 | _aSupersedes JCT Sub-Contractor Collateral Warranty for a Purchaser or Tenant (2001 Edition) (J116259). | ||
| 650 | 2 | 4 | _aJCT SUBCONTRACTOR COLLATERAL WARRANTY FOR A PURCHASER OF TENANT (2005 EDITION) |
| 651 | 2 | 4 |
_aUnited Kingdom _y |
| 690 | _aBUILT ENVIRONMENT-BUILDING CONTRACT FORMS-STANDARD FORMS OF BUILDING CONTRACT-JOINT CONTRACTS TRIBUNAL CONTRACTS | ||
| 942 | _n0 | ||
| 999 |
_c104573 _d104573 |
||